-
OSWAL, DR. RAJESH J AND GILL, DR. NARESH SINGH & GUPTA, AVINASH KUMAR
Entry Personal Name
Number of records used in: 1
001 - CONTROL NUMBER
003 - CONTROL NUMBER IDENTIFIER
005 - DATE AND TIME OF LATEST TRANSACTION
- control field:
20240917150352.0
008 - FIXED-LENGTH DATA ELEMENTS
- fixed length control field:
240917|| aca||aabn | a|a d
040 ## - CATALOGING SOURCE
- Original cataloging agency:
JRU
- Transcribing agency:
JRU
100 ## - HEADING--PERSONAL NAME
- Personal name:
OSWAL, DR. RAJESH J AND GILL, DR. NARESH SINGH & GUPTA, AVINASH KUMAR
670 ## - SOURCE DATA FOUND
- Source citation:
Work cat.: (JRU)8642: OSWAL, DR. RAJESH J AND GILL, DR. NARESH SINGH & GUPTA, AVINASH KUMAR, PHARMACEUTICAL INORGANIC CHEMISTRY [ B.PHARMA] 1ST SEMESTER